000
00335nam a2200157Ia 4500
100
_a
Jangam/U.B./ Patil/ K.P.
490
_v
2
942
_c
BK
654
_a
mathematics III
245
_a
Applied Mathematics-III
260
_b
Nandu Pub
_a
Pune
_c
1999
082
_a
519
_b
JAN/KUM
300
_a
212
546
_a
ENGLISH
999
_c
29980
_d
29980